Mors Ludens (Record no. 1578)

MARC details
000 -LEADER
campo de control de longitud fija 00460nam a2200145 4500
008 - DATOS DE LONGITUD FIJA--INFORMACIÓN GENERAL
campo de control de longitud fija 708 R741b
020 ## - NÚMERO INTERNACIONAL ESTÁNDAR DEL LIBRO
Número Internacional Estándar del Libro 8489632138
082 ## - NÚMERO DE LA CLASIFICACIÓN DECIMAL DEWEY
Número de clasificación 708
Número de ítem R741b
100 ## - ENTRADA PRINCIPAL--NOMBRE DE PERSONA
Nombre de persona Roig, Bernardí
9 (RLIN) 6581
245 ## - MENCIÓN DEL TÍTULO
Título Mors Ludens
260 ## - PUBLICACIÓN, DISTRIBUCIÓN, ETC.
Lugar de publicación, distribución, etc. Madrid
Nombre del editor, distribuidor, etc. Ministerio de Asuntos Exteriores de España
Fecha de publicación, distribución, etc. 1997
300 ## - DESCRIPCIÓN FÍSICA
Extensión 40 p.
Otras características físicas ill (col)
Dimensiones 24 x 17 cm
650 ## - PUNTO DE ACCESO ADICIONAL DE MATERIA--TÉRMINO DE MATERIA
Subdivisión general arte contemporáneo
-- arte - exhibiciones
-- España
-- arte - simbolismo
-- arte - religión
9 (RLIN) 6582
700 ## - ENTRADA AGREGADA--NOMBRE PERSONAL
Nombre de persona Olmo, Santiago
9 (RLIN) 6583
Holdings
Estatus retirado Estado de pérdida Fuente del sistema de clasificación o colocación Estado de daño No para préstamo Biblioteca de origen Biblioteca actual Ubicación en estantería Fecha de adquisición Total de préstamos Signatura topográfica completa Código de barras Visto por última vez Precio de reemplazo Tipo de ítem Koha
    Clasificación Decimal Dewey     Biblioteca LadoV Biblioteca LadoV   08/08/2018   708 R741b 000984 08/08/2018 08/08/2018 Material 01